La Ghigliottina #3 - Statistics

Statistiche generali
  • Questo quiz è stato fatto 70 volte
  • Il punteggio medio è 5 su 6
Statistiche sulle risposte
Scelta Risposta % Corretto
Due o Dure? Due
100%
Limone o Limite? Limite
100%
Farfalla o Bruco? Farfalla
98%
Bambino o Pampino? Pampino
98%
Parallele o Perpendicolari? Parallele
98%
PAROLA Vite
40%
Nessun quiz corrispondente trovato
Distribuzione punteggi
Percentuale di utenti per punteggio
Percentile per numero di risposta
I tuoi punteggi nel tempo
Non hai fatto questo quiz